Mercado de trabajo, vulnerabilidad social y movilización política en Buenos Aires (Registro nro. 34034)

Detalles MARC
000 -LEADER
fixed length control field 00368 a2200109 4500
001 - CONTROL NUMBER
control field ART_57691
005 - DATE AND TIME OF LATEST TRANSACTION
control field 20260410162031.0
008 - FIXED-LENGTH DATA ELEMENTS--GENERAL INFORMATION
fixed length control field 260409a
100 1# - MAIN ENTRY--PERSONAL NAME
Personal name Cross, Cecilia
245 10 - TITLE STATEMENT
Title Mercado de trabajo, vulnerabilidad social y movilización política en Buenos Aires
773 0# - HOST ITEM ENTRY
Title Ensayos de economía
Related parts - Vol. 22, Nº 41 (jun. 2012)
Record control number REV44097

No hay ítems disponibles.